Hacia la cristiandad: apuntes para una filosofía de la historia
Guardat en:
| Autor principal: | |
|---|---|
| Format: | Llibre |
| Idioma: | espanyol |
| Publicat: |
Buenos Aires
Adsum
1940
|
| Matèries: | |
| Etiquetes: |
Afegir etiqueta
Sense etiquetes, Sigues el primer a etiquetar aquest registre!
|
MARC
| LEADER | 00000nam a2200000 a 4500 | ||
|---|---|---|---|
| 001 | UCL2230 | ||
| 003 | CL-VaPUC | ||
| 008 | 031017e19400000AG |||||||||||||||||spa|d | ||
| 082 | 0 | 4 | |a 230.01 |b MEI |2 21 |
| 100 | |a Meinvielle, Julio |e autor |9 527244 | ||
| 245 | 1 | 0 | |a Hacia la cristiandad: apuntes para una filosofía de la historia |
| 300 | |a 90 p | ||
| 942 | |c BK | ||
| 945 | |d 20031017 00:00:00 |a vberengu | ||
| 260 | |a Buenos Aires |b Adsum |c 1940 | ||
| 650 | 0 | |a Filosofía de la historia |9 265651 | |
| 650 | 0 | |a Cristianismo |9 257361 | |
| 583 | |a last modification |c 20031017 00:00:00 |k Rodrigo Vera | ||
| 999 | |c 305582 |d 305580 | ||
| 952 | |0 0 |1 0 |4 0 |6 230_010000000000000_MEI_1940 |7 0 |8 P |9 369689 |a BIBTEO |b BIBTES |c TEO_FTES |d 2019-11-21 |i 2080710 |o 230.01 MEI 1940 |p 2080710 |r 2024-01-18 |w 2019-11-21 |y BK |k ICR | ||